000 005170000a22001810004500
003 LK-CoMWRAF
005 20230929231612.0
008 230817t ||||| |||| 00| 0 eng d
040 _aLK-CoMWRAF
_dLK-CoMWRAF
_eLK-CoMWRAF
041 _aeng
082 _a297
_bGIL
100 _aGilani, Hazrat Shaikh Muhyuddin Abdul Qadir
245 _aFutuh Al - Ghaib :
_b(The Revelations of the unseen)
260 _aPakistan (Lahore 07) :
_bSh. Muhammad Ashraf,
_c1967
300 _a213p
650 _aDiscourses
942 _cBK
999 _c2063
_d2063